| 000 | 00856nam1a22002771 4500 | ||
|---|---|---|---|
| 001 | RU\NLR\A1SV\131696 | ||
| 005 | 20251203171251.9 | ||
| 035 | _a(NLR Aleph) 010554307 | ||
| 090 |
_a10351440 _c10351440 |
||
| 100 | _a20141126d1924 u y0rusy50 ca | ||
| 101 | 0 | _arus | |
| 102 | _aRU | ||
| 200 | 1 |
_aЦентросельбанк _eСб. инструкций, правил, положений и циркуляров _fЦентр. с.-х. банк СССР |
|
| 210 |
_aМ. _cЦентросельбанк _d1924 |
||
| 215 | _d23 см | ||
| 620 | _dМосква | ||
| 710 | 0 | 2 | _aЦентральный сельскохозяйственный банк СССР |
| 801 | 0 |
_aRU _bNLR _c20141126 |
|
| 852 |
_aNLR _j15/103 |
||
| 899 | _aРГБ | ||
| 899 | _aСПбГУ | ||
| 899 | _aКирОУНБ | ||
| 942 | _cBOOK | ||
| 980 | _aNB | ||
| 980 | _aA1SV | ||